000
00279nam a2200121Ia 4500
008
231106s2020 xx 000 0 und d
041
_a
eng
082
_a
743.73
100
_a
MARRY WOODIN
245
_a
U R INVITED
260
_b
MARK SEARLE SEARCH PRESS
_c
2020
300
_a
P-128
999
_c
920109
_d
920109